| 000 | 02108nam a22002657a 4500 | ||
|---|---|---|---|
| 003 | OSt | ||
| 005 | 20260512153851.0 | ||
| 008 | 251023b |||||||| |||| 00| 0 eng d | ||
| 022 | _a1056-4926 | ||
| 040 |
_aEnglish _ctbs |
||
| 041 | _aEnglish | ||
| 100 |
_aLock, Irina _926437 |
||
| 245 |
_aDeliberative Lobbying? _b: Toward a Noncontradiction of Corporate Political Activities and Corporate Social Responsibility? _c/ Irina Lock and Peter Seele |
||
| 260 |
_bJournal of Management Inquiry _c2016 |
||
| 362 | _aJournal of Management Inquiry, 25(4), 415-430. DOI: 10.1177/1056492616640379 | ||
| 520 | _aRecently, researchers have claimed that food and beverage corporations should be excluded from the development of public health policy because their lobbying activities strategically undermine the promotion of public health. At the same time, recent political corporate social responsibility (CSR) theory holds that corporations have a responsibility to help solve global public issues. We address this described misalignment and show that corporations may fulfill this “new political role” if they turn to novel forms of corporate political activity (CPA) establishing a minimal standard for not contradicting their CSR. Therefore, we put forward a normative concept called deliberative lobbying based on discourse, transparency, and accountability, which aims to resolve public issues and advance CPA. In three lobbying cases, we show misalignments and contradictions that harm both society and the corporation. We position deliberative lobbing as an argument to maintain self-regulation against critics claiming that corporations should be excluded from all political processes. | ||
| 653 | _aCorporate political activity | ||
| 653 | _aSocial responsibility of business | ||
| 653 | _aFood industry | ||
| 653 | _aBeverage industry | ||
| 653 | _aPublic health | ||
| 700 |
_aSeele, Peter _926438 |
||
| 856 | _uhttps://bibliotheque.tbs-education.fr/Default/doc/bth/117610880/deliberative-lobbying-toward-a-noncontradiction-of-corporate-political-activities-and-corporate-soci | ||
| 942 | _2lcc | ||
| 999 |
_c5149 _d5149 |
||